000 00802nab a22002417a 4500
001 18165
003 HDC
007 cr bn ---aaaaa
008 210128c99999999my ||||o |||| 00| 00ind d
040 _aHDC
100 _aIda Damanik,
_eauthor
_917166
245 0 _aBio Farma Siapkan 1,2 juta Dosis Vaksin Meningitis untuk Jemaah Haji /
_cIda Damanik
336 _atext
_2rdacontent
337 _acomputer
_2rdamedia
338 _aonline resource
_2rdacarrier
650 _aPharmacy
_93103
650 _aVaccine
_95446
710 _aRadio Republic Indonesia (RRI)
856 _zRequest full-text at [email protected]
942 _2lcc
942 _cNEWS
942 _kNWSO 007534
999 _c15481
_d15481